[Event "ESP-ch U10"]
[Site "Salobrena"]
[Date "2022.07.05"]
[Round "3"]
[White "Hijarrubia Alvarez, Cuevas Gonzalo"]
[Black "Mansor Habash, Zouheir"]
[Result "0-1"]
[WhiteElo "1336"]
[BlackElo "1063"]
[PlyCount "128"]
[EventDate "2022.07.04"]
[EventType "swiss"]
[EventRounds "9"]
[EventCountry "ESP"]
[SourceTitle "EXT 2023"]
[Source "ChessBase"]
[SourceDate "2022.10.05"]
[SourceVersion "1"]
[SourceVersionDate "2022.10.05"]
[SourceQuality "1"]

1. e4 c5 2. d4 e6 3. c3 d5 4. Bd3 Nc6 5. Nf3 Qb6 6. Qb3 Na5 7. Qxb6 axb6 8. e5 Nb3 9. axb3 Rxa1 10. 0-0 Ra8 11. Be3 f6 12. Nbd2 cxd4 13. Bxd4 Bc5 14. Rc1 Bxd4 15. cxd4 fxe5 16. Nxe5 Nf6 17. Bb5+ Bd7 18. Nxd7 Nxd7 19. Rc7 Rd8 20. Nf3 Ke7 21. Ne5 Kd6 22. Rxd7+ Rxd7 23. Nxd7 Ra8 24. g3 Ra5 25. Ba4 b5 26. Nc5 bxa4 27. Nxb7+ Kc6 28. Nxa5+ Kb6 29. b4 Kb5 30. Kf1 Kxb4 31. Ke2 Kxa5 32. Kd2 Kb4 33. Kc2 Kc4 34. f3 Kxd4 35. Kd2 e5 36. h3 g5 37. h4 gxh4 38. gxh4 e4 39. f4 e3+ 40. Ke2 Ke4 41. f5 Kxf5 42. Kxe3 Kg4 43. Kd4 Kxh4 44. Kxd5 Kg5 45. Kc4 h5 46. Kb4 h4 47. Kxa4 h3 48. b4 h2 49. b5 h1Q 50. b6 Qb7 51. Kb5 Kf6 52. Kc5 Ke6 53. Kb5 Kd6 54. Kc4 Qxb6 55. Kc3 Qb5 56. Kd4 Qb4+ 57. Ke3 Kd5 58. Kf3 Ke5 59. Ke3 Qc3+ 60. Kf2 Ke4 61. Kg2 Qf3+ 62. Kg1 Qe2 63. Kh1 Kf3 64. Kg1 Qg2# 0-1

[Event "Salou Salauris op 1st"]
[Site "Salou"]
[Date "2021.06.26"]
[Round "5"]
[White "Martinez Marco, Gregorio"]
[Black "Hijarrubia Alvarez, Cuevas Gonzalo"]
[Result "1/2-1/2"]
[WhiteElo "1252"]
[BlackElo "1379"]
[PlyCount "43"]
[EventDate "2021.06.25"]
[EventType "swiss"]
[EventRounds "7"]
[EventCountry "ESP"]
[SourceTitle "CBM 203 Extra"]
[Source "ChessBase"]
[SourceDate "2021.09.30"]
[SourceVersion "1"]
[SourceVersionDate "2021.09.30"]
[SourceQuality "1"]

1. e4 c5 2. Bc4 a6 3. Nf3 e6 4. d3 b5 5. Bb3 Nc6 6. a3 Bb7 7. Bf4 Be7 8. Nbd2 Nf6 9. 0-0 0-0 10. Re1 d6 11. Nf1 Nh5 12. Bg3 Bf6 13. c3 Nxg3 14. Nxg3 Ne5 15. Nxe5 Bxe5 16. Qf3 Bxg3 17. Qxg3 Qe7 18. Re3 Rad8 19. Rae1 Qf6 20. Rf3 Qg6 21. Qh3 Qh6 22. Qg3 1/2-1/2

[Event "Salou Salauris op 1st"]
[Site "Salou"]
[Date "2021.06.26"]
[Round "3"]
[White "Villadent Isern, Joaquim"]
[Black "Hijarrubia Alvarez, Cuevas Gonzalo"]
[Result "1-0"]
[WhiteElo "1666"]
[BlackElo "1379"]
[PlyCount "55"]
[EventDate "2021.06.25"]
[EventType "swiss"]
[EventRounds "7"]
[EventCountry "ESP"]
[SourceTitle "CBM 203 Extra"]
[Source "ChessBase"]
[SourceDate "2021.09.30"]
[SourceVersion "1"]
[SourceVersionDate "2021.09.30"]
[SourceQuality "1"]

1. b3 e5 2. Bb2 Nc6 3. e3 a6 4. Nf3 d6 5. c4 Bg4 6. Be2 Nf6 7. Nc3 Be7 8. 0-0 Qd7 9. d4 0-0 10. d5 Na7 11. Qc2 Bf5 12. e4 Bg6 13. Nh4 Bh5 14. Nf5 Bg6 15. f4 Bxf5 16. exf5 Rfe8 17. fxe5 dxe5 18. Bf3 Rab8 19. Rae1 Bc5+ 20. Kh1 Nc8 21. Ne4 Qxf5 22. Nxf6+ Qxf6 23. Be4 Qh4 24. g3 Qh3 25. Bf5 Qh6 26. Bxe5 Bd6 27. Bf4 Bxf4 28. Rxe8# 1-0

[Event "Salou Salauris op 1st"]
[Site "Salou"]
[Date "2021.06.25"]
[Round "1"]
[White "Ferrer Dalmau, Josep Antonio"]
[Black "Hijarrubia Alvarez, Cuevas Gonzalo"]
[Result "1-0"]
[WhiteElo "1736"]
[BlackElo "1379"]
[PlyCount "135"]
[EventDate "2021.06.25"]
[EventType "swiss"]
[EventRounds "7"]
[EventCountry "ESP"]
[SourceTitle "CBM 203 Extra"]
[Source "ChessBase"]
[SourceDate "2021.09.30"]
[SourceVersion "1"]
[SourceVersionDate "2021.09.30"]
[SourceQuality "1"]

1. d4 Nf6 2. c4 e6 3. Nc3 Bb4 4. Qc2 0-0 5. Bd2 Bxc3 6. Bxc3 d5 7. Nf3 Nbd7 8. cxd5 exd5 9. e3 Ne4 10. Bd3 Ndf6 11. 0-0 Bg4 12. Ne5 Nd6 13. Nxg4 Nxg4 14. Bxh7+ Kh8 15. Bd3 Re8 16. Qe2 Qh4 17. h3 Nf6 18. Rae1 Nde4 19. Qf3 Kg8 20. Bxe4 Nxe4 21. Ba5 b6 22. Bc3 Rad8 23. Qd1 Rd6 24. Qa4 Ra8 25. Bb4 Rf6 26. Be7 a6 27. Bxf6 Qxf6 28. Re2 Rd8 29. Rc2 Qg6 30. Rxc7 Nd2 31. Rfc1 Kh7 32. Qc2 Qxc2 33. R1xc2 Nc4 34. Rxf7 Kg8 35. Rc7 b5 36. b3 Nd6 37. R2c6 Kh7 38. Ra7 Ne4 39. Raxa6 Rb8 40. f3 Nf6 41. Ra7 Kg8 42. Rac7 Rf8 43. Rb7 Re8 44. Rxb5 Rxe3 45. a4 Rd3 46. b4 Rxd4 47. a5 Rd2 48. a6 Ra2 49. Rb8+ Kh7 50. Rb7 Kg8 51. a7 d4 52. Rb8+ Kh7 53. a8Q Rxa8 54. Rxa8 d3 55. Kf2 d2 56. Ke2 d1Q+ 57. Kxd1 Kg6 58. Rxf6+ Kxf6 59. Rc8 g5 60. b5 Ke7 61. b6 Kd7 62. b7 g4 63. b8Q gxf3 64. gxf3 Ke6 65. Rc6+ Kf5 66. Qf8+ Ke5 67. Qd6+ Kf5 68. Qf6# 1-0